| 000 | 01716cam a22003134a 4500 | ||
|---|---|---|---|
| 001 | 13695181 | ||
| 003 | OSt | ||
| 005 | 20230620121445.0 | ||
| 008 | 040823s2004 enk b 001 0 eng | ||
| 010 | _a 2004020005 | ||
| 020 | _a075464278X (alk. paper) | ||
| 040 |
_aDLC _cDLC _dDLC |
||
| 042 | _apcc | ||
| 043 | _afe----- | ||
| 082 | 0 | 0 |
_a320.96 _bKAI |
| 245 | 0 | 0 |
_aDemocratic transitions in East Africa / _cby Paul J. Kaiser and F. Wafula Okumu. |
| 260 |
_aAldershot, Hants, England ; _aBurlington, VT, USA : _bAshgate, _cc2004. |
||
| 300 |
_axiii, 229 p. ; _c24 cm. |
||
| 504 | _aIncludes bibliographical references (p. [210]-215) and index. | ||
| 505 | 0 | _aThe challenge of democratic transition in East Africa / Paul J. Kaiser and F. Wafula Okumu -- The history of an ideal / Thomas Burgess -- Political parties and party systems / Dean E. McHenry, Jr. -- Political leadership / Joshua B. Rubongoya -- Constitutional reform / Stephen Ndegwa and Ryan E. Letourneau -- Civil society / Samuel A. Nyanchoga -- Structural adjustment and economic reform / Stephen F. Burgess -- International context / Bruce Heilman and Laurean Ndumbaro -- The crisis of legitimacy, representation, and state hegemony / Earl Conteh-Morgan. | |
| 650 | 0 |
_aDemocratization _zAfrica, East. |
|
| 651 | 0 |
_aAfrica, East _xPolitics and government. |
|
| 700 | 1 | _aKaiser, Paul J. | |
| 700 | 1 | _aOkumu, F. Wafula. | |
| 856 | 4 | 1 |
_3Table of contents _uhttp://www.loc.gov/catdir/toc/ecip0422/2004020005.html |
| 906 |
_a7 _bcbc _corignew _d1 _eecip _f20 _gy-gencatlg |
||
| 942 |
_2ddc _cBK |
||
| 999 |
_c1698 _d1698 |
||